| Art - Music/Opera | 6 | 13.33 | 67% | 33% | 33% |
| Art - Other | 4 | 10.00 | 50% | 50% | 0% |
| Art - Painting/Sculpture | 9 | 17.78 | 67% | 67% | 44% |
| Art - Visual | 3 | 10.00 | 33% | 0% | 67% |
| Current Events/Modern World - Rest of world political | 1 | 10.00 | 0% | 100% | 0% |
| Current Events/Modern World - Rest of world social | 1 | 10.00 | 100% | 0% | 0% |
| Geography - Mixed/any | 1 | 20.00 | 100% | 0% | 100% |
| Geography - Oceania/Pacific | 1 | 10.00 | 0% | 0% | 100% |
| Geography - United States | 1 | 30.00 | 100% | 100% | 100% |
| History - American | 5 | 12.00 | 20% | 40% | 60% |
| History - European | 8 | 16.25 | 75% | 50% | 38% |
| History - Other | 7 | 15.71 | 71% | 57% | 29% |
| History - World | 10 | 12.00 | 20% | 70% | 30% |
| Literature - American any | 2 | 15.00 | 50% | 100% | 0% |
| Literature - American long fiction | 3 | 13.33 | 67% | 33% | 33% |
| Literature - American poetry | 2 | 20.00 | 100% | 50% | 50% |
| Literature - American short fiction | 1 | 20.00 | 100% | 100% | 0% |
| Literature - British any | 2 | 10.00 | 100% | 0% | 0% |
| Literature - British drama | 1 | 0.00 | 0% | 0% | 0% |
| Literature - British long fiction | 2 | 10.00 | 100% | 0% | 0% |
| Literature - European drama | 1 | 10.00 | 100% | 0% | 0% |
| Literature - European long fiction | 2 | 10.00 | 0% | 50% | 50% |
| Literature - European poetry | 1 | 20.00 | 100% | 100% | 0% |
| Literature - European short fiction | 1 | 20.00 | 100% | 0% | 100% |
| Literature - World/Misc drama | 2 | 15.00 | 50% | 0% | 100% |
| Literature - World/Misc long fiction | 3 | 16.67 | 67% | 0% | 100% |
| Literature - World/Misc poetry | 1 | 10.00 | 100% | 0% | 0% |
| Literature - World/Misc short fiction | 2 | 15.00 | 50% | 50% | 50% |
| Mythology - Americas | 1 | 20.00 | 100% | 100% | 0% |
| Mythology - Egyptian | 2 | 10.00 | 50% | 50% | 0% |
| Mythology - Greco/Roman | 4 | 17.50 | 75% | 25% | 75% |
| Mythology - Mixed/Any | 2 | 20.00 | 100% | 50% | 50% |
| Mythology - Norse | 1 | 30.00 | 100% | 100% | 100% |
| Other Academic/Cross-Category - Any | 3 | 10.00 | 33% | 33% | 33% |
| Philosophy - 20th century | 1 | 20.00 | 100% | 0% | 100% |
| Philosophy - Enlightenment | 1 | 20.00 | 100% | 100% | 0% |
| Philosophy - Medieval | 1 | 20.00 | 100% | 100% | 0% |
| Philosophy - Mixed/Any | 3 | 10.00 | 33% | 33% | 33% |
| Philosophy - Pre-20th | 3 | 16.67 | 33% | 67% | 67% |
| Religion - Buddhism | 1 | 10.00 | 0% | 0% | 100% |
| Religion - Christianity/Judaism | 1 | 20.00 | 100% | 100% | 0% |
| Religion - Islam | 2 | 15.00 | 50% | 0% | 100% |
| Religion - Mixed/Any | 1 | 20.00 | 0% | 100% | 100% |
| Science - Astronomy | 2 | 20.00 | 100% | 50% | 50% |
| Science - Biology | 6 | 15.00 | 83% | 50% | 17% |
| Science - Chemistry | 6 | 10.00 | 33% | 0% | 67% |
| Science - Compsci | 1 | 10.00 | 0% | 0% | 100% |
| Science - Earth | 1 | 10.00 | 0% | 0% | 100% |
| Science - Other | 4 | 20.00 | 50% | 50% | 100% |
| Science - Physics | 11 | 14.55 | 64% | 27% | 55% |
| Social Science - Anthropology | 1 | 20.00 | 0% | 100% | 100% |
| Social Science - Economics | 4 | 2.50 | 0% | 25% | 0% |
| Social Science - Linguistics | 1 | 30.00 | 100% | 100% | 100% |
| Social Science - Mixed/Any | 2 | 15.00 | 50% | 50% | 50% |
| Social Science - Psychology | 1 | 10.00 | 0% | 0% | 100% |